MARC

LEADER 00000nam0a2200000 4500
001 29198
005 20231030203223.0
010 |a 5229007052 
035 |a (RuTPU)RU\TPU\book\29458 
035 |a BOOK00029533 
090 |a 29198 
100 |a 20011209d1992 m y0rusy50 ca 
101 0 |a rus 
102 |a RU 
105 |a a j 001zy 
200 1 |a Техническая термодинамика  |e учебник  |f В. И. Лобанов [и др.] 
210 |a Москва  |c Металлургия  |d 1992 
215 |a 237 с.  |c ил. 
300 |a Авт. указаны на обороте тит. л. 
320 |a Библиогр.: с. 227. 
610 1 |a техническая термодинамика 
610 1 |a Первый закон термодинамика 
610 1 |a Второй закон термодинамики 
610 1 |a термодинамические процессы 
610 1 |a термодинамика потока 
610 1 |a энергия 
610 1 |a тепловые двигатели 
610 1 |a циклы 
610 1 |a холодильные установки 
610 1 |a учебные пособия 
675 |a 621.1.016.7(075.8)  |v 3 
701 1 |a Лобанов  |b В. И. 
701 1 |a Ясников  |b Г. П. 
701 1 |a Гордон  |b Я. М. 
701 1 |a Телегин  |b А. С. 
801 0 |a RU  |b 63413507  |c 20011209  |g PSBO 
801 2 |a RU  |b 63413507  |c 20170526  |g PSBO 
942 |c BK